Fantastic trees

Bibliographic Details
Main Author: MENNINGER 1896-
Format: Book
Published: Portland, Oregon, USA : Timber Press , 1995
Subjects:

MARC

LEADER 00000cam a2200000 7i4500
001 0000002287
005 20030523.0
020 0 0 |a 0881923249 
090 0 0 |a R582.16   |b MEN 1995 
100 1 0 |a MENNINGER   |h Edwin Arnold   |c 1896- 
245 1 0 |a Fantastic trees   |c by Edwin A. Menninger ; with a new foreword by Jack Siebenthaler ; and a nomenclatural update by James E. Eckenwalder 
260 0 0 |a Portland, Oregon, USA :   |b Timber Press ,   |c 1995 
300 |a xii, 308 p. :   |b ill. ;   |c 24 cm. 
500 0 0 |a Includes bibliographical references (p. 257-258) and index 
650 0 0 |a Trees 
998 |a JPSM 
999 |a 0000004158   |b Monograph   |c Reference   |e Default branch